| 000 | 00552nam a2200157Ia 4500 | ||
|---|---|---|---|
| 008 | 230907s9999||||xx |||||||||||||| ||und|| | ||
| 082 |
_a621.3 _bHUS |
||
| 100 |
_aZain Hussain (00000319704) _9116683 |
||
| 245 | 0 | _aCorrosion Performance of Ceramic Coatings Based on SiC and MoSi2 on Ni-Based Superalloy for Iodine Sulfur Cycle for Hydrogen Production / | |
| 260 |
_aUSPCAS-E, NUST, _bIslamabad : _c2022 |
||
| 300 | _axiii, 75 p. | ||
| 520 | _aTH-353 | ||
| 650 | _aMS-TEE Thesis MS Thesis | ||
| 700 |
_a Dr. Zuhair S. Khan _928871 |
||
| 942 |
_cTHE _2ddc |
||
| 999 |
_c602031 _d602031 |
||